Prosper developing web applications strongly integrated with Prolog /
Separating presentation and application logic, defining presentation in a declarative way and automating recurring tasks are fundamental issues in rapid web application development. Albeit Prolog is widely employed in intelligent systems and knowledge discovery, creating a web interface for Prolog h...
Elmentve itt :
| Szerző: | |
|---|---|
| Testületi szerző: | |
| Dokumentumtípus: | Cikk |
| Megjelent: |
2008
|
| Sorozat: | Acta cybernetica
18 No. 4 |
| Kulcsszavak: | Számítástechnika, Kibernetika |
| Tárgyszavak: | |
| Online Access: | http://acta.bibl.u-szeged.hu/12835 |
| LEADER | 01747nab a2200229 i 4500 | ||
|---|---|---|---|
| 001 | acta12835 | ||
| 005 | 20220616145744.0 | ||
| 008 | 161015s2008 hu o 0|| eng d | ||
| 022 | |a 0324-721X | ||
| 040 | |a SZTE Egyetemi Kiadványok Repozitórium |b hun | ||
| 041 | |a eng | ||
| 100 | 1 | |a Hunyadi Levente | |
| 245 | 1 | 0 | |a Prosper |h [elektronikus dokumentum] : |b developing web applications strongly integrated with Prolog / |c Hunyadi Levente |
| 260 | |c 2008 | ||
| 300 | |a 561-578 | ||
| 490 | 0 | |a Acta cybernetica |v 18 No. 4 | |
| 520 | 3 | |a Separating presentation and application logic, defining presentation in a declarative way and automating recurring tasks are fundamental issues in rapid web application development. Albeit Prolog is widely employed in intelligent systems and knowledge discovery, creating a web interface for Prolog has been a cumbersome task producing poorly maintainable code, which hinders harnessing the power of Prolog in information systems. This paper presents a framework called Prosper that facilitates developing new or extending existing Prolog applications with a presentation front-end. The framework relies on Prolog to the greatest possible extent, supports code re-use, and integrates easily with web servers. As a result, Prosper simplifies the creation of complex, maintainable web applications running either independently or as part of a heterogeneous system without leaving the Prolog domain. | |
| 650 | 4 | |a Természettudományok | |
| 650 | 4 | |a Számítás- és információtudomány | |
| 695 | |a Számítástechnika, Kibernetika | ||
| 710 | |a Symposium of Young Scientists on Intelligent Systems (2.) (2007) (Budapest) | ||
| 856 | 4 | 0 | |u http://acta.bibl.u-szeged.hu/12835/1/Hunyadi_2008_ActaCybernetica.pdf |z Dokumentum-elérés |